| 000 | 00999nam a22002897a 4500 | ||
|---|---|---|---|
| 001 | 4170 | ||
| 003 | FISKH | ||
| 005 | 20250513090839.0 | ||
| 008 | 240625b cb ||||| |||| 00| 0 eng d | ||
| 020 | _a9781416999331 | ||
| 040 |
_aFISKH _beng _cFISKH _dFISKH |
||
| 050 | _aPZ7.B8398 | ||
| 082 | _a557 | ||
| 100 | _aO'Ryan, Ellie | ||
| 245 |
_aOlivia takes a trip / _cAdapted by Ellie O'Ryan ; Based on the screenplay " OLIVIA Take a Road Trip" ; Written by Eric Shaw ; Illustrated by Jared Osterhold |
||
| 260 |
_aNew York : _bSimon Spotlight, _c2010 |
||
| 300 |
_a24 unnumbered pages : _bcolor illustrations ; _c23 cm |
||
| 490 |
_aReady to read _vLevel one |
||
| 505 | _aJ | ||
| 520 | _aOlivia wiles away a long, tedious car trip by pretending to be on a jet to visit Grandma. | ||
| 521 | 8 |
_a460
_bLexile |
|
| 521 | 8 |
_aJ
_bRaz-Plus |
|
| 650 |
_aAdventure _vTravel _xChildren's |
||
| 700 |
_aOsterhold, Jared _eillustrator |
||
| 942 |
_2ddc _cBK _n0 |
||
| 999 |
_c4170 _d4170 |
||